000 00825nam a22002177a 4500
999 _c4323
_d4323
003 AR-CdUCM
008 190308b ||||| |||| 00| 0 spa d
040 _aMUNICIPALIDAD PROVINCIAL DEL CUSCO
_cBIBLIOTECA MUNICIPAL DEL CUSCO
041 _heng
082 _a780.973 /
_bB84
100 _aT. Brown , Charles
_913664
245 _aCountry & Western /
260 _aEspaña :
_bMartinéz Roca S.A ,
_c1987.
300 _a220 páginas ;
_c27.5 cm.
505 _aContenido : Origenes de la musica Country -- Breve examen de las canciones populares sureñas -- Desarrollo del Blues -- Estructura de las formas musicales -- Análisis técnico utilizado en el texto...
650 _aMúsica Country
_913665
650 _aHistoria musical
_913305
650 _aMusica Estadunidense
_913666
942 _2ddc
_cLIBROS
945 _artm